Les aventures de Fantômette - Statistiques

Statistiques générales
  • Ce quiz a été pris 22 fois
  • Le résultat moyen est 25 sur 52
Statistiques - réponses
Hint Réponse % Correct
1964 Fantômette contre Fantômette
82%
1961 Les Exploits de Fantômette
76%
1962 Fantômette contre le hibou
65%
1967 Fantômette et la Dent du Diable
59%
1973 Fantômette et le Masque d'argent
59%
1979 Fantômette et le Mystère de la tour
59%
1970 Fantômette et le Trésor du pharaon
59%
1975 Olé, Fantômette !
59%
1978 Fantastique Fantômette
53%
2007 Fantômette a la main verte
53%
1971 Fantômette à la Mer de sable
53%
1963 Fantômette au carnaval
53%
1970 Fantômette chez le roi
53%
1974 Fantômette contre Charlemagne
53%
1975 Fantômette contre Diabola
53%
1963 Fantômette contre le géant
53%
1977 Fantômette dans l'espace
53%
1983 Fantômette en danger
53%
1974 Fantômette et la Grosse Bête
53%
1966 Fantômette et la Télévision
53%
1964 Fantômette et l'Île de la sorcière
53%
1968 Fantômette et son prince
53%
1977 Fantômette fait tout sauter
53%
1967 Les Sept Fantômettes
53%
1965 Pas de vacances pour Fantômette
53%
1975 Appelez Fantômette !
47%
1976 Fantômette brise la glace
47%
1973 Fantômette chez les corsaires
47%
1971 Fantômette contre la Main Jaune
47%
1972 Fantômette dans le piège
47%
1971 Fantômette et la Maison hantée
47%
1968 Fantômette et le Brigand
47%
2009 Fantômette et le Magicien
47%
1966 Opération Fantômette
47%
1987 C'est toi Fantômette !
41%
1981 Fantômette contre Satanix
41%
1979 Fantômette en plein mystère
41%
1982 Fantômette et la Couronne
41%
1969 Fantômette et la Lampe merveilleuse
41%
1974 Fantômette et le Palais sous la mer
41%
1978 Fantômette et les 40 Milliards
41%
1973 Fantômette et le Secret du désert
41%
1985 Fantômette s'envole
41%
1972 Fantômette viendra ce soir
41%
1979 L'Almanach de Fantômette
41%
1976 Les Carnets de Fantômette
41%
1982 Mission impossible pour Fantômette
41%
1980 Fantômette et le Dragon d'or
35%
2006 Le Retour de Fantômette
35%
1977 C'est quelqu'un, Fantômette !
29%
1984 Fantômette et le Château mystérieux
29%
1984 Fantômette ouvre l'œil
29%
Aucun quiz correspondant
Distribution des résultats
% des personnes avec chaque résultat
Percentile par nombre de réponses
Votre historique - résultats
Vous n’avez pas pris ce quiz